Statistics for This is USA - Pictures:

Click here to take the quiz!

General Stats

  • This quiz has been taken 56 times
  • The average score is 17 of 24

Answer Stats

Answer % Correct
Coca Cola
94%
Golden Gate Bridge
94%
Grand Canyon
92%
Statue of Liberty
92%
Martin Luther King
90%
Bison
90%
Neil Armstrong
88%
New York
88%
Mount Rushmore
86%
Disneyland
86%
Hollywood
86%
Liberty Bell
80%
Hamburger
78%
John Wayne
76%
Coffee
68%
The Alamo
60%
Chrysler Building
54%
New Orleans
52%
Mark Twain
50%
Mt. Denali
48%
Flat-iron Building
44%
The Mayflower
42%
Sitting Bull
36%
Mississippi River
26%

Score Distribution

Percentile by Number Answered

Percent of People with Each Score

Your Score History

You have not taken this quiz